00767nam a22002177a 450000500170000001000150001702000270003203500140005903700090007308200150008210000150009724501250011225000100023726000420024727001080028930000240039750000530042170000250047470000230049970000270052220231116112143.0 aENG-138398 c7250.00a9789392568404 aEN-121930 bDBAD a0322First aDiwan, H.D aResearches in Granites of India Ground Water in Granites:bBasic Earth Science Series/cBy H.D Diwan ...[et.al]hEnglish aFirst bAditi Publicationc2023aChhattisgarh aOpp, New Panchajanya Vidya Mandir, Near Tiranga Chowk, Kushalpur, Raipur, bChhattisgarhk+919425210308 a243,vip.c20cm(pbk) aGranitic Region of Upper Mahanadi Catchment, C.G aGupta, M.P eAdvisor aKuity, D.PeEditor aBhadauria, S.SeEditor